01737naa a22003497a 4500001001000000003000900010005001700019007000300036008003400039040005400073041000900127072002600136090001800162100001800180100001600198111014200214245014500356246013800501246010200639260003600741500016200777650001400939650001200953650001000965650002300975650001200998773015901010909003601169942001401205999001901219952014901238BR8500419BR-BrBNA20240918175509.0ta230509b bl.||||| |||| 00| 0 por d aBR-BrBNAbporcBiblioteca Nacional de Agricultura a(Pt) aK10b3575b3290bG514 aK10 BR85004191 aGoncalves, W.1 aBakke, O.A.1 aSimposio Internacional: Metodos de Producao e Controle de Qualidade de Sementes e Mudas FlorestaiscCuritiba, PR (Brazil)d19-23 Mar 19841 aComparacao entre tres possibilidades de semeio em viveiro, de sementes de sabia (Mimosa caesalpiniaefolia Benth)[arvore angiosperma, Brasil]1 aComparison among three possibilities of sowing in seed-plot, of sabia seeds (Mimosa caesalpiniaefolia Benth)[angiosperm tree, Brazil]1 aInternational symposium: methods for production and quality control of forest seeds and seedlings3 aCuritiba, PR (Brasil): c1984.  aSimposio internacional: metodos de producao e controle de qualidade de sementes e mudas florestais Curitiba, PR (Brasil): 1984. p. 171-175 (BR8500419-AM)K10  aSEMEADURA aVIVEIRO aSABIA aARVORE ANGIOSPERMA aSEMENTE0 tSimposio internacional: metodos de producao e controle de qualidade de sementes e mudas florestaiswK10 BR8500419gCuritiba, PR (Brasil), 1984. p. 171-175 a202404bLuciac55dLucia Elande cAM2AGRIS c317001d317001 002AGRIS40708Acervo Gerala41918b41918cAgrobasel0o3575 BR8500403r2024-05-20t01yAM10d2024-04-11ePortaria Interministerial nÂș 164/94